Top 10 Richest Countries in Asia - Statistics

General Stats
  • This quiz has been taken 28 times
  • The average score is 9 of 10
Answer Stats
GDP Answer % Correct
$14.86 Tn China
100%
$2.29 Tn India
96%
$4.91 Tn Japan
96%
$680.9 Bn Saudi Arabia
92%
$1.59 Tn South Korea
92%
$1.09 Tn Indonesia
88%
$610.66 Bn Iran
80%
$509.2 Bn Thailand
76%
$649.44 Bn Turkey
76%
$383.43 Bn Israel
60%
No matching quizzes found
Score Distribution
Percent of People with Each Score
Percentile by Number Answered
Your Score History
You have not taken this quiz